Estadísticas para Ciudades de la Región Pokémon de Johto en el Mapa

Haz click aquí para intentar la prueba.

Estadísticas generales

  • Esta prueba ha sido intentada 99 veces
    (96 desde el último reinicio)
  • La puntuación promedio es 8 de 10

Respuestas en el mapa

Las respuestas están codificadas por una escala verde-roja en el mapa de la prueba según el % correcto abajo.
 

Estadísticas de respuestas

Respuesta% Correcto
Pueblo Primavera
94%
Ciudad Trigal
82%
Ciudad Malva
76%
Ciudad Iris
75%
Pueblo Azalea
75%
Ciudad Cerezo
73%
Pueblo Caoba
73%
Ciudad Endrino
69%
Ciudad Orquídea
69%
Ciudad Olivo
67%

Distribución de puntuación

Porcentaje por número respondido

Porcentaje de gente con cada puntuación

Historial de tus puntuaciones

No has intentado esta prueba desde el último reinicio